00665nam a2200181 a 450000100100000000500170001000800410002704000250006808200150009310000300010824500740013826000410021230000210025350000530027450400260032795201130035399900170046600004186620201002035811.0131018s2004 dr 000 0 spa d aDO-SdBNPbspacBNHPU axxxxbxxxx1 aMontero, Ramón E.9832010aDerecho penal electoral :bdelitos electorales /cRamón E. Montero. aSanto Domingo, :bCentenario,c2004. a111 p. ;c21 cm. aIncluye datos biografícos en la contraportada. aBibliografía p: 110 0010718PDaPDbPDcCTd2013-10-18iLF1l0oxxxx xxxxp41866-10r2020-06-25w2020-06-25yLFPDZNo se presta c41355d41355